|
|
|
|
| LEADER |
01185nam a2200289 a 4500 |
| 001 |
5429 |
| 003 |
BD-DhAAL |
| 005 |
20150101115107.0 |
| 008 |
150101s1992 bg b 000 0 eng |
| 010 |
|
|
|a 99952864
|
| 037 |
|
|
|b Library of Congress -- New Delhi Field Office
|
| 040 |
|
|
|a DLC
|c DLC
|d DLC
|d BD-DhAAL
|
| 050 |
0 |
0 |
|a S602.5
|b .R48 1992
|
| 082 |
0 |
0 |
|a 633.1/8/095492
|2 21
|
| 245 |
0 |
2 |
|a A review of BRRI cropping systems research, 1974-1988 /
|c compiled by Nizam U. Ahmed.
|
| 250 |
|
|
|a 1st ed.
|
| 260 |
|
|
|a Gazipur :
|b Rice Farming Systems Division, Bangladesh Rice Research Institute,
|c 1992.
|
| 300 |
|
|
|a vii, 173 p. ;
|c 24 cm.
|
| 504 |
|
|
|a Includes bibliographical references (p. 161-163).
|
| 541 |
|
|
|e 5429
|
| 650 |
|
0 |
|a Cropping systems
|z Bangladesh.
|9 7084
|
| 650 |
|
0 |
|a Agriculture
|x Economic aspects
|z Bangladesh.
|9 7085
|
| 700 |
1 |
|
|a Ahmed, Nizam U.
|9 7086
|
| 710 |
2 |
|
|a Bangladesh Rice Research Institute.
|b Rice Farming Systems Division.
|9 7087
|
| 942 |
|
|
|2 ddc
|c BK
|
| 999 |
|
|
|c 33380
|d 33380
|
| 952 |
|
|
|0 0
|1 0
|2 ddc
|4 0
|6 633_180954920000000_REV
|7 0
|9 44616
|a BRACUL
|b BRACUL
|c GEN
|d 2015-01-01
|g 0.00
|l 0
|o 633.18095492 REV
|p 3010005429
|r 2015-01-01
|t 1
|w 2015-01-01
|y BK
|z Not price in Register
|